Pocket Book On Laboratory Tests For Nurses (Record no. 156171)

MARC details
000 -LEADER
fixed length control field 00386nam a2200145Ia 4500
008 - FIXED-LENGTH DATA ELEMENTS--GENERAL INFORMATION
fixed length control field 230411s9999 xx 000 0 und d
020 ## - INTERNATIONAL STANDARD BOOK NUMBER
International Standard Book Number 81-8448-405-4
041 ## - LANGUAGE CODE
Language code of text/sound track or separate title eng
082 ## - DEWEY DECIMAL CLASSIFICATION NUMBER
Classification number F/616.0756/PRA/B05664
100 ## - MAIN ENTRY--PERSONAL NAME
Personal name Pramilaa R
245 ## - TITLE STATEMENT
Title Pocket Book On Laboratory Tests For Nurses
260 ## - PUBLICATION, DISTRIBUTION, ETC. (IMPRINT)
Name of publisher, distributor, etc. Jaypee Brothers
Place of publication, distribution, etc. New Delhi
Date of publication, distribution, etc. 2008
300 ## - PHYSICAL DESCRIPTION
Extent 91p
Holdings
Withdrawn status Lost status Damaged status Not for loan Collection code Home library Current library Date acquired Vendor Cost, normal purchase price Bill number Total Checkouts Full call number Barcode Date last seen Cost, replacement price Bill Date Koha item type Original Barcode
          Smt. Bakul Tambat Institute of Nursing Education Smt. Bakul Tambat Institute of Nursing Education 28/02/2009 Jaypee Brothers Medical Publishers 80.00 3107   F 616.0756 PRA B05664 BTIN-BK-5664 11/04/2023 58.00 26/09/2011 Books B05664
          Smt. Bakul Tambat Institute of Nursing Education Smt. Bakul Tambat Institute of Nursing Education 26/09/2011 Jaypee Brothers Medical Publishers 125.00 3107   F 616.0756 PRA B06854 BTIN-BK-6854 11/04/2023 91.00 26/09/2011 Books B06854
          Smt. Bakul Tambat Institute of Nursing Education Smt. Bakul Tambat Institute of Nursing Education 26/09/2011 Jaypee Brothers Medical Publishers 125.00 3107   F 616.0756 PRA B06855 BTIN-BK-6855 11/04/2023 91.00 26/09/2011 Books B06855
          Smt. Bakul Tambat Institute of Nursing Education Smt. Bakul Tambat Institute of Nursing Education 26/09/2011 Jaypee Brothers Medical Publishers 125.00 3107   F 616.0756 PRA B06856 BTIN-BK-6856 11/04/2023 91.00 26/09/2011 Books B06856
          Smt. Bakul Tambat Institute of Nursing Education Smt. Bakul Tambat Institute of Nursing Education 26/09/2011 Jaypee Brothers Medical Publishers 125.00 3107   F 616.0756 PRA B06857 BTIN-BK-6857 11/04/2023 91.00 26/09/2011 Books B06857
          Smt. Bakul Tambat Institute of Nursing Education Smt. Bakul Tambat Institute of Nursing Education 26/09/2011 Jaypee Brothers Medical Publishers 125.00 3107   F 616.0756 PRA B06858 BTIN-BK-6858 11/04/2023 91.00 26/09/2011 Books B06858